Welcome to CU Library Online Public Access Catalogue (OPAC)

Foundations of epidemiology. (Record no. 2901)

MARC details
000 -LEADER
fixed length control field 01157cam a2200289 a 4500
001 - CONTROL NUMBER
control field 4413594
005 - DATE AND TIME OF LATEST TRANSACTION
control field 20250123110334.0
008 - FIXED-LENGTH DATA ELEMENTS--GENERAL INFORMATION
fixed length control field 930722s1994 nyua b 001 0 eng c
020 ## - INTERNATIONAL STANDARD BOOK NUMBER
International Standard Book Number 0195050355 (cloth)
020 ## - INTERNATIONAL STANDARD BOOK NUMBER
International Standard Book Number 9780195050363
050 00 - LIBRARY OF CONGRESS CALL NUMBER
Classification number RA651
Item number .L54 1994
082 00 - DEWEY DECIMAL CLASSIFICATION NUMBER
Classification number 614.4
Edition information 20
100 1# - MAIN ENTRY--PERSONAL NAME
Personal name Lilienfeld, David E.
245 10 - TITLE STATEMENT
Title Foundations of epidemiology.
Statement of responsibility, etc. revised by David E. Lilienfeld, Paul D. Stolley.
250 ## - EDITION STATEMENT
Edition statement 3rd ed. /
Remainder of edition statement revised by David E. Lilienfeld, Paul D. Stolley.
260 ## - PUBLICATION, DISTRIBUTION, ETC.
Place of publication, distribution, etc. New York :
Name of publisher, distributor, etc. Oxford University Press,
Date of publication, distribution, etc. 1994.
300 ## - PHYSICAL DESCRIPTION
Extent ix, 371 p. :
Other physical details ill. ;
Dimensions 24 cm.
500 ## - GENERAL NOTE
General note Rev. ed. of: Foundations of epidemiology / Abraham M. Lilienfeld and David E. Lilienfeld. 2nd ed. 1980.
650 #0 - SUBJECT ADDED ENTRY--TOPICAL TERM
Topical term or geographic name entry element Epidemiology.
650 #2 - SUBJECT ADDED ENTRY--TOPICAL TERM
Topical term or geographic name entry element Epidemiologic Methods.
650 #2 - SUBJECT ADDED ENTRY--TOPICAL TERM
Topical term or geographic name entry element Epidemiology.
700 1# - ADDED ENTRY--PERSONAL NAME
Personal name Stolley, Paul D.
700 1# - ADDED ENTRY--PERSONAL NAME
Personal name Lilienfeld, Abraham M.
Title of a work Foundations of epidemiology.
856 42 - ELECTRONIC LOCATION AND ACCESS
Materials specified Publisher description
Uniform Resource Identifier <a href="http://www.loc.gov/catdir/enhancements/fy0603/93005963-d.html">http://www.loc.gov/catdir/enhancements/fy0603/93005963-d.html</a>
856 41 - ELECTRONIC LOCATION AND ACCESS
Materials specified Table of contents only
Uniform Resource Identifier <a href="http://www.loc.gov/catdir/enhancements/fy0603/93005963-t.html">http://www.loc.gov/catdir/enhancements/fy0603/93005963-t.html</a>
942 ## - ADDED ENTRY ELEMENTS (KOHA)
Source of classification or shelving scheme Library of Congress Classification
Koha item type Books
Edition rev. 3rd ed
Suppress in OPAC No
999 ## -
-- 2901
-- 2901
Holdings
Withdrawn status Lost status Source of classification or shelving scheme Damaged status Not for loan Collection Home library Current library Shelving location Date acquired Total checkouts Full call number Barcode Date last seen Copy number Price effective from Koha item type
    Library of Congress Classification     Non-fiction Science Library (Miotso) Science Library (Miotso) General stacks 01/23/2025   RA651 .L54 LIL SLM00002280 01/23/2025 1 01/23/2025 Books
    Library of Congress Classification     Non-fiction Science Library (Miotso) Science Library (Miotso) General stacks 01/23/2025   RA651 .L54 LIL SLM00002281 01/23/2025 2 01/23/2025 Books
    Library of Congress Classification     Non-fiction Science Library (Miotso) Science Library (Miotso) General stacks 01/23/2025   RA651 .L54 LIL SLM00002282 01/23/2025 3 01/23/2025 Books
    Library of Congress Classification     Non-fiction Science Library (Miotso) Science Library (Miotso) General stacks 01/23/2025   RA651 .L54 LIL SLM00002283 01/23/2025 4 01/23/2025 Books
    Library of Congress Classification     Non-fiction Science Library (Miotso) Science Library (Miotso) General stacks 01/23/2025   RA651 .L54 LIL SLM00002284 01/23/2025 5 01/23/2025 Books
© 2023-2024 Copyright: Central University Libraries. All Rights Reserved | Created by: Mahone Tech Office